| 000 | 00462nam a2200193Ia 4500 | ||
|---|---|---|---|
| 001 | 14515 | ||
| 003 | GE_BSU | ||
| 008 | 181216s||||||||xx |||||||||||||| ||und|| | ||
| 040 | _cGE_BSU | ||
| 080 | _a641 | ||
| 245 | _aMicrowave Cookbook | ||
| 245 | _cEditors Norma MacMillan, Felicity Jackson | ||
| 260 | _aLondon | ||
| 260 | _bReader's digest association Limited | ||
| 260 | _c1990 | ||
| 300 | _a400p.ill.29cm. | ||
| 653 | _aMicrowave Cookbook | ||
| 942 | _cBK | ||
| 999 |
_c47646 _d47646 |
||